| 000 | 00769cam a22002171 4500 | ||
|---|---|---|---|
| 001 | s 13000101 | ||
| 003 | DLC | ||
| 005 | 20260227111910.0 | ||
| 008 | 751205s1881 dcuaef 000 0 eng c | ||
| 010 | _as 13000101 | ||
| 035 | _a(OCoLC)1876223 | ||
| 040 |
_aSmithsonian Inst. Library _cFMU _dOCoLC _dDLC |
||
| 050 | 0 | 0 |
_aQ11 _b.S68 |
| 100 | 1 |
_aBransford, J. F. _q(John Francis), _d1846-1911. |
|
| 245 | 1 | 0 |
_aArchæological researches in Nicaragua. _cBy J.F. Bransford ... |
| 260 |
_aWashington City, _bSmithsonian Institution, _c1881. |
||
| 300 |
_a2, iii-v, 96 p. _billus. (incl. plan) 2 pl. _c33 cm. |
||
| 440 | 0 |
_aSmithsonian contributions to knowledge. _v[vol. xxv, art. 2] |
|
| 490 | 0 | _aSmithsonian Institution publication 383 | |
| 651 | 0 |
_aNicaragua _xAntiquities. |
|
| 999 |
_c52655 _d52655 |
||